| 000 | nam a22 7a 4500 | ||
|---|---|---|---|
| 999 |
_c17136 _d17136 |
||
| 008 | 161122b xxu||||| |||| 00| 0 eng d | ||
| 020 | _a9780618121625 | ||
| 020 | _a0618121625 | ||
| 050 |
_aQA39.2 _b .A94 2002 |
||
| 100 | _aAufmann,Richard N. | ||
| 245 |
_aPrealgebra/ _cRichard N Aufmann; Vernon C Barker and Joanne S Lockwood |
||
| 250 | _a3rd ed. | ||
| 260 |
_aBoston : _bHoughton Mifflin, _c ©2002. |
||
| 300 |
_axxi, 678p. : _bill. ; |
||
| 500 | _aIncludes indexes. | ||
| 650 | _a Mathematics. | ||
| 700 | _aBarker,Vernon C. | ||
| 700 | _aLockwood,Joanne S. | ||
| 942 |
_2lcc _cBOOKS _hQA39.2 .A94 2002 |
||